| 000 | 00670cam a22002173a 4500 | ||
|---|---|---|---|
| 001 | 39491 | ||
| 003 | PGUSA | ||
| 005 | 20140828083858.0 | ||
| 008 | 120420s2012||||xxu|||||s|||||000 | eng d | ||
| 040 |
_aPGUSA _beng |
||
| 042 | _adc | ||
| 100 | 1 |
_aTourgée, Albion Winegar, _d1838-1905 |
|
| 245 | 1 | 0 |
_aHullun yritys : _bAmerikalainen historiallinen romani _h[electronic resource] / _cAlbion Winegar Tourgée |
| 260 |
_bProject Gutenberg, _c2012 |
||
| 500 | _aTranslation of: A Fool's Errand | ||
| 506 | _aPublic domain in the USA. | ||
| 516 | _aElectronic text | ||
| 830 | 0 |
_aProject Gutenberg _v39491 |
|
| 856 | 4 | 0 | _uhttp://www.gutenberg.org/ebooks/39491 |
| 942 | _cEB | ||
| 999 |
_c268744 _d268744 |
||